Israeli settlements : a guide.
Saved in:
| Main Author: | |
|---|---|
| Corporate Author: | |
| Format: | Book |
| Language: | English |
| Published: |
[New York, NY] :
Anti-Defamation League,
[c1995]
|
| Subjects: | |
| Tags: |
Add Tag
No Tags, Be the first to tag this record!
|
| LEADER | 01138cam a2200349 a 4500 | ||
|---|---|---|---|
| 001 | 014012014-9 | ||
| 005 | 20140516204021.0 | ||
| 008 | 951108s1995 nyuab b 000 0 eng d | ||
| 010 | |a 97201485 | ||
| 035 | 0 | |a ocm33446276 | |
| 040 | |a NNYU |b eng |c DLC |d BTCTA |d OCLCO |d OCLCF | ||
| 042 | |a lccopycat | ||
| 043 | |a awba--- |a awgz--- | ||
| 050 | 0 | 0 | |a DS110.W47 |b K45 1995 |
| 082 | 0 | 0 | |a 956.95/3004924 |2 21 |
| 100 | 1 | |a Keinon, Herb. | |
| 245 | 1 | 0 | |a Israeli settlements : |b a guide. |
| 260 | |a [New York, NY] : |b Anti-Defamation League, |c [c1995] | ||
| 300 | |a i, 49 p. : |b ill., map ; |c 26 cm. | ||
| 500 | |a Cover title. | ||
| 500 | |a "This monograph was prepared by Herb Keinon ..."--1st prelim. p. | ||
| 504 | |a Includes bibliographical references. | ||
| 650 | 0 | |a Israelis |z West Bank. | |
| 650 | 0 | |a Israelis |x Colonization |z West Bank. | |
| 651 | 0 | |a West Bank |x Politics and government. | |
| 650 | 0 | |a Israelis |z Gaza Strip. | |
| 650 | 0 | |a Israelis |x Colonization |z Gaza Strip. | |
| 651 | 0 | |a Gaza Strip |x Politics and government. | |
| 710 | 2 | |a B'nai B'rith. |b Anti-defamation League. | |
| 899 | |a 415_560281 | ||
| 988 | |a 20140421 | ||
| 906 | |0 OCLC | ||


